000 01197nam a2200325 i 4500
003 DO-SdBNP
005 20260407093827.0
007 ta
008 260320b2000 dr ||||| |||| 00| 0 spa d
020 _a9993432113
040 _aDO-SdBNP
_bspa
_cBNPHU
_erda
041 _aspa
082 4 _a972.93053
_bW651t 2001
_222
100 1 _aWiese Delgado, Hans Paul,
_d1928-
_4aut.
_972198
_eautor
245 1 0 _aTrujillo amado por muchos, odiado por otros, temidos por todos /
_cHans Paul Wiese Delgado.
250 _aCuarta edición
264 1 _aSanto Domingo, República Dominicana :
_bEditorial Letra Gráfica,
_c2001
300 _a671 páginas ;
_c 24 cm.
336 _atexto
_btxt
_2rdacontent
337 _asin mediación
_bn
_2rdamedia
338 _avolumen
_bnc
_2rdacarrier
500 _aIncluye datos biográficos del autor en las solapas
590 _aInventariado, 2026 /LP
600 1 0 _aTrujillo Molina, Rafael Leónidas,
_d1891-1961
600 1 0 _aWiese Delgado, Hans Paul,
_d 1928-
_972198
650 4 _aIndustria azucarera
_zRepública Dominicana
_xHistoria
_ySiglo XX
_989257
651 4 _aRepública Dominicana
_xHistoria
_y1930-1961
_91301
900 _aLP
942 _2ddc
_cLBS1
999 _c60523
_d60523